000 00297nam a2200121Ia 4500
008 231129s1977||||xx |||||||||||||| ||spa||
082 _aOEM- 1689
100 _aZuluaga Henao Germán
245 0 _aEl antifaz
260 _c1977
264 _a[s.l.]: Editora de Occidente 1977
942 _2ddc
_cBKS
999 _c10205
_d10205